000 01249nam a22003857a 4500
001 0016650
003 KOHA_MİRAKIL
005 20260207002111.0
007 ta
008 100421b2002 tu |||gr||||#0|||0|tur |
020 _a975338386X
040 _aTR-BiSEU
_btur
_cTR-BiSEU
_erda
041 0 _atur
044 _ctu
050 _aDR432
_b.B48 2002
100 1 _aBilkan, Ali Fuat.
245 1 _aHayri-nâme'ye göre XVII. yüzyılda Osmanlı düşünce hayatı/
_cAli Fuat Bilkan ; Ali Fuat Bilkan.
264 1 _aAnkara :
_bAkçağ Yayınları
_c2002
300 _a160 sayfa; 20 cm.
336 _ametin
_btxt
_2rdacontent
337 _aaracısız
_bn
_2rdamedia
338 _acilt
_bnc
_2rdacarrier
490 1 _aAkçağ yayınları ;
_v401.
490 1 _aSosyoloji ;
_v5.
500 _aKaynakça var.
505 _aNabi, 1641 or 2-1712; Hayriye; Turkey; intellectual life.
650 0 _aNabi, 1641 or 2-1712. Hayriye.
_938575
650 0 _aNabi, 1641 or 2-1712--Criticism and interpretation.
_927892
650 0 _aTurkey--Intellectual life.
_97401
650 0 _aTurkey--History 1683-1829.
_912826
830 1 _aAkçağ yayınları ;
_v401.
_97970
830 1 _aSosyoloji ;
_v5.
_915722
907 _aTarih
942 _2lcc
_cBK
999 _c16611
_d16611